00727 2200253 4500001002100000005001500021035002000036007000300056008004100059020002200100082001600122100001700138245004800155250001200203260006800215300003000283650003700313650002600350700002200376856001900398084002200417990001700439990001700456INLIS00000000000018620250711023415 a0010-0725000186ta250711 a 0 ind  a978-623-307-500-8 a398.209 5980 aQuader,Suhel1 aApakah Kamu Burung Pelatuk? /cSuhel Quader apertama aJakarta Timur :bBadan Pengembangan dan Pembinaan Bahasa,c2022 a18hlm. :bilus. ;c21,5cm 4acerita anak indonesia terjemahan 4aliterasi bahan bacaan0 aKalyani Ganapathy aTBM AS-SYUHADA a398.209 598 QUA a aTBM202400036 aTBM202400189